| 000 | 003750000a22001570004500 | ||
|---|---|---|---|
| 001 | 000067 | ||
| 003 | MACL | ||
| 040 | _aMACL | ||
| 090 |
_c67 _d67 |
||
| 100 | _aBhattacharya, Amit | ||
| 245 |
_aSwadesi Enterprise In Bengal _bThe Beginning 1900-1920 _cAmit Bhattacharya |
||
| 260 |
_aBookland, _c1994 |
||
| 350 | _a250 | ||
| 650 | _aGeography and History | ||
| 942 |
_k955 _cBook |
||
| 999 |
_c49374 _d49374 |
||